00489nam a2200145Ia 4500008004100000041000800041082001600049100002000065245004500085260003000130300003200160365001100192999001700203952012300220240624s9999 xx 000 0 und d aeng a658.049 GAT aGATIGNON HUBERT aINSEAD WHARTON ALLIANCE ON GLOBALIZING S c2004aNew YorkbCambridge axxii, : 451 : p. : cm. ; 24 cRSb27 c20768d20768 00104070aIMTNbIMTNcRack 20-Bd2012-12-14eTBg1475.00o658.049 GATp20768r2024-06-24 00:00:00t1w2024-06-24yBK